000 00456nam a22001817a 4500
003 MPLRDC
005 20220104154056.0
008 210129b ||||| |||| 00| 0 eng d
020 _a7-5086-1189-1
082 _a192.3 JXZ
100 _a金贤贞
245 _a30岁女人说给20岁女孩听
_c韩美玲译
250 _a初版一刷
260 _a中国
_b中信出版社
_c2008
300 _b171
650 _a女性修养
942 _cBK
_o192.3 JXZ
999 _c53785
_d53775